Central Library OPAC University of Rajshahi

The biology of mycorrhiza / (Record no. 72727)

MARC details
000 -LEADER
fixed length control field 00771nam a2200265 a 4500
001 - CONTROL NUMBER
control field 72727
003 - CONTROL NUMBER IDENTIFIER
rucl marc code BD-RjUL
005 - DATE AND TIME OF LATEST TRANSACTION
control field 20211209082313.0
008 - FIXED-LENGTH DATA ELEMENTS--GENERAL INFORMATION
fixed length control field 170522s1969 enka b 001 0 eng d
035 ## - SYSTEM CONTROL NUMBER
System control number (BD-RjUL)72945
040 ## - CATALOGING SOURCE
Original cataloging agency BD-RjUL
Language of cataloging eng
Transcribing agency BD-RjUL
041 ## - LANGUAGE CODE
Language code of text/sound track or separate title eng
082 ## - DEWEY DECIMAL CLASSIFICATION NUMBER
Edition number 23
Classification number 631.46
Author mark and year HAB 1969
100 1# - MAIN ENTRY--PERSONAL NAME
Personal name Harley, J. L.
Fuller form of name (John Laker)
9 (RLIN) 215126
245 14 - TITLE STATEMENT
Title The biology of mycorrhiza /
Statement of responsibility, etc. by J.L. Harley.
250 ## - EDITION STATEMENT
Edition statement 2nd ed.
260 ## - PUBLICATION, DISTRIBUTION, ETC. (IMPRINT)
Place of publication, distribution, etc. London :
Name of publisher, distributor, etc. Leonard Hill,
Date of publication, distribution, etc. 1969.
300 ## - PHYSICAL DESCRIPTION
Pagination xxii, 334 p. :
Illustrations ill. ;
Size 26 cm.
490 1# - SERIES STATEMENT
Series statement Plant science monographs
504 ## - BIBLIOGRAPHY, ETC. NOTE
Bibliography, etc Includes Bibliography ( p. 283-312) and indexes.
650 #0 - SUBJECT ADDED ENTRY--TOPICAL TERM
Topical term or geographic name as entry element Mycorrhizas.
9 (RLIN) 215127
830 #0 - SERIES ADDED ENTRY--UNIFORM TITLE
Uniform title Plant science monographs
942 ## - ADDED ENTRY ELEMENTS (KOHA)
Source of classification or shelving scheme Dewey Decimal Classification
Koha item type Books
Holdings
Lost status Source of classification or shelving scheme Damaged status Not for loan Collection code Permanent Location Current Location Shelving location Date acquired Source of acquisition Cost, normal purchase price Total Checkouts Full call number Date last seen Copy number Koha item type
  Dewey Decimal Classification   Not For Loan Non-fiction Central Library, University of Rajshahi Central Library, University of Rajshahi Rare Book Section 06/03/1969 Zeitlinger 150.00   631.46 HAB 1969 22/05/2017 C-1 Books
  Dewey Decimal Classification     Non-fiction Central Library, University of Rajshahi Central Library, University of Rajshahi   06/03/1973 Zeitlinger 7.50   631.46 HAB 1969 22/05/2017 C-2 Books